| 000 | 00412 a2200133 4500 | ||
|---|---|---|---|
| 001 | 55565 | ||
| 082 | _a200.921 AHS | ||
| 090 |
_c34497 _d34497 |
||
| 100 | _aKarren Armstrong; Muhammad Ahsan Butt | ||
| 245 | _aBattle for God [urdu translation] | ||
| 260 |
_aLahore _bQamer Kitab Ghar _c2007 |
||
| 300 | _a456 p. | ||
| 700 | _4khuda kelie jang; jew, christinaity aor islam main bunyad paresti ka tarikhi jaiza | ||
| 942 |
_aNUST-CAE _k200.921 AHS |
||
| 999 |
_c290638 _d290638 |
||